| 000 -LEADER |
| fixed length control field |
03492cam a22003974a 4500 |
| 001 - CONTROL NUMBER |
| control field |
10189785 |
| 003 - CONTROL NUMBER IDENTIFIER |
| control field |
USPCAS-E |
| 005 - DATE AND TIME OF LATEST TRANSACTION |
| control field |
20180118181411.0 |
| 006 - FIXED-LENGTH DATA ELEMENTS--ADDITIONAL MATERIAL CHARACTERISTICS |
| fixed length control field |
m d |
| 007 - PHYSICAL DESCRIPTION FIXED FIELD--GENERAL INFORMATION |
| fixed length control field |
cr n |
| 008 - FIXED-LENGTH DATA ELEMENTS--GENERAL INFORMATION |
| fixed length control field |
110728s2012 nyua sf 001 0 eng d |
| 020 ## - INTERNATIONAL STANDARD BOOK NUMBER |
| International Standard Book Number |
9780071745529 |
| 020 ## - INTERNATIONAL STANDARD BOOK NUMBER |
| International Standard Book Number |
0071745521 |
| 035 ## - SYSTEM CONTROL NUMBER |
| System control number |
(WaSeSS)ssj0000554835 |
| 040 ## - CATALOGING SOURCE |
| Original cataloging agency |
DLC |
| Transcribing agency |
DLC |
| Modifying agency |
YDX |
| -- |
BTCTA |
| -- |
YDXCP |
| -- |
BWX |
| -- |
UAF |
| -- |
CDX |
| -- |
IUL |
| -- |
DLC |
| -- |
WaSeSS |
| 050 #4 - LIBRARY OF CONGRESS CALL NUMBER |
| Classification number |
TJ163.9 |
| Item number |
.H53 2012 |
| 082 00 - DEWEY DECIMAL CLASSIFICATION NUMBER |
| Classification number |
621.0420151 |
| Edition number |
23 |
| Author Mark |
HAN 2012 |
| 084 ## - OTHER CLASSIFICATION NUMBER |
| Classification number |
TEC009010 |
| Number source |
bisacsh |
| 100 1# - MAIN ENTRY--PERSONAL NAME |
| Personal name |
Hicks, Tyler Gregory, |
| Dates associated with a name |
1921- |
| 210 10 - ABBREVIATED TITLE |
| Abbreviated title |
Handbook of energy engineering calculations |
| 245 10 - TITLE STATEMENT |
| Title |
Handbook of energy engineering calculations |
| Medium |
[electronic resource] / |
| Statement of responsibility, etc. |
Tyler G. Hicks. |
| 260 ## - PUBLICATION, DISTRIBUTION, ETC. |
| Place of publication, distribution, etc. |
New York : |
| Name of publisher, distributor, etc. |
McGraw-Hill, |
| Date of publication, distribution, etc. |
c2012. |
| 500 ## - GENERAL NOTE |
| General note |
Includes index. |
| 502 ## - DISSERTATION NOTE |
| Dissertation note |
0 |
| 505 0# - FORMATTED CONTENTS NOTE |
| Formatted contents note |
Energy conversion engineering -- Steam power generation -- Gas-turbine energy power generation -- Internal combustion engine energy analyses -- Nuclear energy engineering -- Hydroelectric energy power plants -- Wind-power energy design and applications -- Solar-power energy application and usage -- Geothermal energy engineering -- Ocean energy engineering -- Heat transfer and energy conservation -- Fluid transfer engineering -- Interior climate control energy economics -- Energy conservation and environmental pollution control. power generation Reciprocating-engine power generation Nuclear power generation Renewable energy sources for "green" power generation Sewage and wastewater treatment and re-use in energy options . |
| 506 ## - RESTRICTIONS ON ACCESS NOTE |
| Terms governing access |
License restrictions may limit access. |
| 520 ## - SUMMARY, ETC. |
| Summary, etc. |
"SOLVE ENERGY PROBLEMS QUICKLY AND ACCURATELYFilled with step-by-step procedures for performing hundreds of calculations, this practical guide helps you solve a variety of applied energy engineering design and operating problems. Handbook of Energy Engineering Calculations features worked-out examples and enables you to obtain accurately results with minimum time and effort. Calculation procedures emphasize greenhouse gas and carbon dioxide emissions control as well as energy conservation and reuse. This is an invaluable, time-saving resource for anyone involved in energy engineering.Comprehensive coverage includes: Energy conversion engineering Steam power generation Gas-turbine power generation Internal-combustion engine energy analysis Nuclear energy engineering Hydroelectric energy power plants Wind power energy design and application Solar power energy application and usage Geothermal energy engineering Ocean energy engineering Heat transfer and energy conservation Fluid transfer engineering Interior climate control energy economics Energy conservation and environmental pollution control "--Provided by publisher. |
| 520 ## - SUMMARY, ETC. |
| Summary, etc. |
"This practical guide helps engineers solve energy problems quickly and accurately using step-by-step procedures for performing more than 500 calculations together with worked out examples and numerical results"--Provided by publisher. |
| 650 #0 - SUBJECT ADDED ENTRY--TOPICAL TERM |
| Topical term or geographic name entry element |
Power (Mechanics) |
| General subdivision |
Mathematical models |
| Form subdivision |
Handbooks, manuals, etc. |
| 650 #0 - SUBJECT ADDED ENTRY--TOPICAL TERM |
| Topical term or geographic name entry element |
Force and energy |
| General subdivision |
Mathematical models |
| Form subdivision |
Handbooks, manuals, etc. |
| 650 #0 - SUBJECT ADDED ENTRY--TOPICAL TERM |
| Topical term or geographic name entry element |
Engineering mathematics |
| General subdivision |
Formulae |
| Form subdivision |
Handbooks, manuals, etc. |
| 773 #0 - HOST ITEM ENTRY |
| Title |
AccessEngineering |
| 856 40 - ELECTRONIC LOCATION AND ACCESS |
| Uniform Resource Identifier |
<a href="http://www.columbia.edu/cgi-bin/cul/resolve?clio10189785">http://www.columbia.edu/cgi-bin/cul/resolve?clio10189785</a> |
| Public note |
Full text available from AccessEngineering |
| 910 ## - USER-OPTION DATA (OCLC) |
| User-option data |
Library of Congress record |
| 942 ## - ADDED ENTRY ELEMENTS (KOHA) |
| Source of classification or shelving scheme |
|
| Koha item type |
Book |